Alle Ausfahrten der Murtal-Schnellstraße (S36) - Statistiken

Allgemein
  • Dieses Quiz wurde 46 mal gespielt
  • Das Durchschnittsergebnis liegt bei 9 aus 12
Antwortstatistiken
km Bz. Ausfahrt % Korrekt
0,0 LE St. Michael
94%
23,6 MT Zeltweg-Ost / Spielberg
94%
32,7 MT Judenburg-Ost / Fohnsdorf
91%
37,2 MT Judenburg-West
91%
19,7 MT Knittelfeld-Ost
82%
22,4 MT Knittelfeld-West
82%
29,6 MT Zeltweg-West
79%
6,7 LE Kraubath an der Mur
70%
3,2 LE St. Stefan
64%
53,0 MT Unzmarkt
58%
12,7 MT Feistritz / St. Lorenzen
42%
48,3 MT St. Georgen
39%
Keine übereinstimmenden Quizze gefunden
Verteilung der Resultate
Anzahl Personen mit jedem Resultat
Perzentil nach korrekt beantworteten Fragen
Ihre Resultats-Entwicklung
Sie haben dieses Quiz noch nicht gespielt